Inclusive Growth and Employment in Europe Peer-Reviewed Proceedings of the International Conference, , 3rd - 4th November 2015, (Bratislava, Slovakia)
Enregistré dans:
| Collectivités auteurs: | , |
|---|---|
| Autres auteurs: | |
| Format: | Livre |
| Langue: | anglais |
| Publié: |
Bratislava
Institute of Economic Research of Slovak Academy of Sciences
2015
|
| Édition: | 1st Edition |
| Sujets: | |
| Tags: |
Pas de tags, Soyez le premier à ajouter un tag!
|
MARC
| LEADER | 00000nlm a2200000 4500 | ||
|---|---|---|---|
| 001 | 0278817 | ||
| 005 | 20220906100824.2 | ||
| 020 | |a 987-80-7144-252-3 | ||
| 041 | 0 | |a eng | |
| 044 | |a SK | ||
| 245 | 1 | 0 | |a Inclusive Growth and Employment in Europe |b Peer-Reviewed Proceedings of the International Conference, , 3rd - 4th November 2015, (Bratislava, Slovakia) |c Editor: Tomáš Domonkos |
| 250 | |a 1st Edition | ||
| 264 | 1 | |a Bratislava |b Institute of Economic Research of Slovak Academy of Sciences |c 2015 | |
| 300 | |a online 158 s. | ||
| 610 | 2 | 0 | |a makroekonomika |
| 610 | 2 | 0 | |a modely rastu |
| 610 | 2 | 0 | |a podpory v nezamestnanosti |
| 610 | 2 | 0 | |a regióny |
| 610 | 2 | 0 | |a mzdy minimálne |
| 610 | 2 | 0 | |a chudoba |
| 610 | 2 | 0 | |a situácia hospodárska |
| 610 | 2 | 0 | |a situácia sociálna |
| 610 | 2 | 0 | |a kultúra |
| 610 | 2 | 0 | |a spotreba |
| 610 | 2 | 0 | |a nerovnosť príjmová |
| 610 | 2 | 0 | |a vzdelávanie |
| 610 | 2 | 0 | |a prognózy |
| 610 | 2 | 0 | |a Európa |
| 610 | 2 | 0 | |a Slovensko |
| 700 | 1 | |a Domonkos, Tomáš | |
| 110 | 2 | |a Inclusive Growth and Employment in Europe. International Conference | |
| 710 | 2 | |a Slovenská akadémia vied. Ekonomický ústav | |